000 00494nam a2200181Ia 4500
005 20250326124913.0
008 250326s9999 xx 000 0 und d
037 _aTextbook
040 _aFMSL
_beng
_cFMSL
041 _aeng
_2eng
084 _aX:8F K4
_qFMSL
100 _aMattessich R
_941583
245 0 _aAccounting and analytical methods
_cMattessich R
260 _aUSA
_bUSA, Richard D Irwin
_c1964
300 _a552p
942 _cTB
_hX:8F K4
999 _c1275709
_d1275709